The performance of district heating in new developments (Record no. 112261)

MARC details
000 -LEADER
fixed length control field 00902cam a22002775a 4500
001 - CONTROL NUMBER
control field E152914
008 - FIXED-LENGTH DATA ELEMENTS--GENERAL INFORMATION
fixed length control field 110516s2011 xxko f 000 0 eng d
020 ## - INTERNATIONAL STANDARD BOOK NUMBER
International Standard Book Number 9781848061835
035 ## - SYSTEM CONTROL NUMBER
System control number (Sirsi) u152914
041 0# - LANGUAGE CODE
Language code of text/sound track or separate title eng
050 04 - LIBRARY OF CONGRESS CALL NUMBER
Classification number 333.72 $2 18
100 1# - MAIN ENTRY--PERSONAL NAME
Personal name Jangsten, Olof
245 04 - TITLE STATEMENT
Title The performance of district heating in new developments
Remainder of title application guidance
260 ## - PUBLICATION, DISTRIBUTION, ETC.
Place of publication, distribution, etc. Watford
Name of publisher, distributor, etc. BRE
Date of publication, distribution, etc. 2011
300 ## - PHYSICAL DESCRIPTION
Extent 12p.
Other physical details ill.
Dimensions 30cm.
490 #0 - SERIES STATEMENT
Series statement BRE Information Paper
Volume/sequential designation (3/11)
520 ## - SUMMARY, ETC.
Summary, etc. Looks at District Heating (DH) systems, which provide heat to multiple buildings through a central energy centre. Includes references
521 ## - TARGET AUDIENCE NOTE
Target audience note Advanced
590 ## - LOCAL NOTE (RLIN)
Local note KA
651 #4 - SUBJECT ADDED ENTRY--GEOGRAPHIC NAME
Geographic name United Kingdom
Chronological subdivision
690 ## - LOCAL SUBJECT ADDED ENTRY--TOPICAL TERM (OCLC, RLIN)
Topical term or geographic name as entry element ENVIRONMENTAL AND LAND CONSULTANCY-ENERGY-ENERGY USE
700 1# - ADDED ENTRY--PERSONAL NAME
Personal name Aguilo-Rullan, Antonio
700 1# - ADDED ENTRY--PERSONAL NAME
Personal name Williams, Jonathan
700 1# - ADDED ENTRY--PERSONAL NAME
Personal name Wiltshire, Robin
942 ## - ADDED ENTRY ELEMENTS (KOHA)
Suppress in OPAC 0
Holdings
Withdrawn status Lost status Source of classification or shelving scheme Damaged status Not for loan Home library Current library Shelving location Date acquired Total Checkouts Full call number Barcode Date last seen Copy number Price effective from Koha item type
    Dewey Decimal Classification     London London BRE publications 16/05/2011   BRE 30075698 06/08/2019 1 06/08/2019 Reference material